000 00274nam a22001097a 4500
008 230704b xxu||||| |||| 00| 0 eng d
082 _a342.41
_bHAR 1986
245 _aPublic Law and Politics
260 _aLondon
_bSweet & Maxwell
_c1986
300 _aXIV,255p
942 _2ddc
_cBK
999 _c3615
_d3615